00381nam a2200145Ia 4500008004100000041000800041082001900049100001400068245003700082260004200119300001000161650002200171650002900193700001300222260407s2025 xx 000 0 und d aeng a547/BALb12330 aARUN BAHL aA TEXT BOOK OF ORGANIC CHEMISTRY aMUMBAIbS.CHAND AND COMPANY LTDc2025 a1087p aORGANIC CHEMISTRY aPHARMACEUTICAL CHEMISTRY aB.S.BAHL